<?xml version="1.0" encoding="UTF-8"?>
<record
    xmlns:xsi="http://www.w3.org/2001/XMLSchema-instance"
    xsi:schemaLocation="http://www.loc.gov/MARC21/slim http://www.loc.gov/standards/marcxml/schema/MARC21slim.xsd"
    xmlns="http://www.loc.gov/MARC21/slim">

  <leader>01979nam a22002177a 4500</leader>
  <controlfield tag="003">NALT</controlfield>
  <controlfield tag="005">20240913194547.0</controlfield>
  <controlfield tag="008">240624b        th ||||| |||| 00| 0 tha d</controlfield>
  <datafield tag="040" ind1=" " ind2=" ">
    <subfield code="a">NALT</subfield>
  </datafield>
  <datafield tag="086" ind1=" " ind2=" ">
    <subfield code="a">&#xE2A;&#xE04; 37 1.2 2567</subfield>
  </datafield>
  <datafield tag="110" ind1="2" ind2=" ">
    <subfield code="a">&#xE2A;&#xE21;&#xE32;&#xE1E;&#xE31;&#xE19;&#xE18;&#xE4C;&#xE2A;&#xE20;&#xE32;&#xE27;&#xE34;&#xE0A;&#xE32;&#xE0A;&#xE35;&#xE1E;&#xE41;&#xE2B;&#xE48;&#xE07;&#xE1B;&#xE23;&#xE30;&#xE40;&#xE17;&#xE28;&#xE44;&#xE17;&#xE22;.</subfield>
    <subfield code="9">64205</subfield>
  </datafield>
  <datafield tag="245" ind1="1" ind2="0">
    <subfield code="a">&#xE2A;&#xE21;&#xE32;&#xE1E;&#xE31;&#xE19;&#xE18;&#xE4C;&#xE2A;&#xE20;&#xE32;&#xE27;&#xE34;&#xE0A;&#xE32;&#xE0A;&#xE35;&#xE1E;&#xE41;&#xE2B;&#xE48;&#xE07;&#xE1B;&#xE23;&#xE30;&#xE40;&#xE17;&#xE28;&#xE44;&#xE17;&#xE22; 2567 /</subfield>
    <subfield code="c">&#xE2A;&#xE21;&#xE32;&#xE1E;&#xE31;&#xE19;&#xE18;&#xE4C;&#xE2A;&#xE20;&#xE32;&#xE27;&#xE34;&#xE0A;&#xE32;&#xE0A;&#xE35;&#xE1E;&#xE41;&#xE2B;&#xE48;&#xE07;&#xE1B;&#xE23;&#xE30;&#xE40;&#xE17;&#xE28;&#xE44;&#xE17;&#xE22;.</subfield>
  </datafield>
  <datafield tag="260" ind1=" " ind2=" ">
    <subfield code="a">&#xE19;&#xE19;&#xE17;&#xE1A;&#xE38;&#xE23;&#xE35; :</subfield>
    <subfield code="b">&#xE2A;&#xE21;&#xE32;&#xE1E;&#xE31;&#xE19;&#xE18;&#xE4C;&#xE2A;&#xE20;&#xE32;&#xE27;&#xE34;&#xE0A;&#xE32;&#xE0A;&#xE35;&#xE1E;&#xE41;&#xE2B;&#xE48;&#xE07;&#xE1B;&#xE23;&#xE30;&#xE40;&#xE17;&#xE28;&#xE44;&#xE17;&#xE22;,</subfield>
    <subfield code="c">2567.</subfield>
  </datafield>
  <datafield tag="300" ind1=" " ind2=" ">
    <subfield code="a">97 &#xE2B;&#xE19;&#xE49;&#xE32; :</subfield>
    <subfield code="b">&#xE20;&#xE32;&#xE1E;&#xE1B;&#xE23;&#xE30;&#xE01;&#xE2D;&#xE1A;, &#xE15;&#xE32;&#xE23;&#xE32;&#xE07;, &#xE41;&#xE1C;&#xE19;&#xE20;&#xE39;&#xE21;&#xE34; ;</subfield>
    <subfield code="c">30 &#xE0B;&#xE21;.</subfield>
  </datafield>
  <datafield tag="505" ind1="2" ind2=" ">
    <subfield code="a">&#xE2A;&#xE32;&#xE23;&#xE08;&#xE32;&#xE01;&#xE2A;&#xE20;&#xE32;&#xE19;&#xE32;&#xE22;&#xE01;&#xE1E;&#xE34;&#xE40;&#xE28;&#xE29;&#xE41;&#xE2B;&#xE48;&#xE07;&#xE2A;&#xE20;&#xE32;&#xE27;&#xE34;&#xE0A;&#xE32;&#xE0A;&#xE35;&#xE1E; --
&#xE2A;&#xE32;&#xE23;&#xE08;&#xE32;&#xE01;&#xE19;&#xE32;&#xE22;&#xE01;&#xE2A;&#xE20;&#xE32;&#xE27;&#xE34;&#xE0A;&#xE32;&#xE0A;&#xE35;&#xE1E; --
&#xE2A;&#xE21;&#xE32;&#xE1E;&#xE31;&#xE19;&#xE18;&#xE4C;&#xE2A;&#xE20;&#xE32;&#xE27;&#xE34;&#xE0A;&#xE32;&#xE0A;&#xE35;&#xE1E;&#xE41;&#xE2B;&#xE48;&#xE07;&#xE1B;&#xE23;&#xE30;&#xE40;&#xE17;&#xE28;&#xE44;&#xE17;&#xE22; --
&#xE1A;&#xE31;&#xE19;&#xE17;&#xE36;&#xE01;&#xE02;&#xE49;&#xE2D;&#xE15;&#xE01;&#xE25;&#xE07;&#xE04;&#xE27;&#xE32;&#xE21;&#xE23;&#xE48;&#xE27;&#xE21;&#xE21;&#xE37;&#xE2D;&#xE2A;&#xE21;&#xE32;&#xE1E;&#xE31;&#xE19;&#xE18;&#xE4C;&#xE2A;&#xE20;&#xE32;&#xE27;&#xE34;&#xE0A;&#xE32;&#xE0A;&#xE35;&#xE1E; --
&#xE04;&#xE13;&#xE30;&#xE01;&#xE23;&#xE23;&#xE21;&#xE01;&#xE32;&#xE23;&#xE1A;&#xE23;&#xE34;&#xE2B;&#xE32;&#xE23;&#xE2A;&#xE21;&#xE32;&#xE1E;&#xE31;&#xE19;&#xE18;&#xE4C;&#xE2A;&#xE20;&#xE32;&#xE27;&#xE34;&#xE0A;&#xE32;&#xE0A;&#xE35;&#xE1E;&#xE41;&#xE2B;&#xE48;&#xE07;&#xE1B;&#xE23;&#xE30;&#xE40;&#xE17;&#xE28;&#xE44;&#xE17;&#xE22;&#xE0A;&#xE38;&#xE14;&#xE1B;&#xE31;&#xE08;&#xE08;&#xE38;&#xE1A;&#xE31;&#xE19; --
&#xE1C;&#xE25;&#xE01;&#xE32;&#xE23;&#xE14;&#xE33;&#xE40;&#xE19;&#xE34;&#xE19;&#xE07;&#xE32;&#xE19;&#xE02;&#xE2D;&#xE07;&#xE2A;&#xE21;&#xE32;&#xE1E;&#xE31;&#xE19;&#xE18;&#xE4C;&#xE2A;&#xE20;&#xE32;&#xE27;&#xE34;&#xE0A;&#xE32;&#xE0A;&#xE35;&#xE1E;&#xE41;&#xE2B;&#xE48;&#xE07;&#xE1B;&#xE23;&#xE30;&#xE40;&#xE17;&#xE28;&#xE44;&#xE17;&#xE22; --
&#xE1B;&#xE23;&#xE30;&#xE27;&#xE31;&#xE15;&#xE34;&#xE04;&#xE27;&#xE32;&#xE21;&#xE40;&#xE1B;&#xE47;&#xE19;&#xE21;&#xE32;&#xE02;&#xE2D;&#xE07;&#xE2A;&#xE20;&#xE32;&#xE27;&#xE34;&#xE0A;&#xE32;&#xE0A;&#xE35;&#xE1E;.</subfield>
  </datafield>
  <datafield tag="610" ind1="2" ind2="4">
    <subfield code="a">&#xE2A;&#xE21;&#xE32;&#xE1E;&#xE31;&#xE19;&#xE18;&#xE4C;&#xE2A;&#xE20;&#xE32;&#xE27;&#xE34;&#xE0A;&#xE32;&#xE0A;&#xE35;&#xE1E;&#xE41;&#xE2B;&#xE48;&#xE07;&#xE1B;&#xE23;&#xE30;&#xE40;&#xE17;&#xE28;&#xE44;&#xE17;&#xE22; </subfield>
    <subfield code="x">&#xE1C;&#xE25;&#xE07;&#xE32;&#xE19;</subfield>
    <subfield code="y">2567</subfield>
    <subfield code="9">64741</subfield>
  </datafield>
  <datafield tag="942" ind1=" " ind2=" ">
    <subfield code="c">GOV</subfield>
    <subfield code="2">local</subfield>
  </datafield>
  <datafield tag="952" ind1=" " ind2=" ">
    <subfield code="0">0</subfield>
    <subfield code="1">0</subfield>
    <subfield code="2">local</subfield>
    <subfield code="4">0</subfield>
    <subfield code="7">0</subfield>
    <subfield code="8">CGOV</subfield>
    <subfield code="a">NALT</subfield>
    <subfield code="b">NALT</subfield>
    <subfield code="c">GOV</subfield>
    <subfield code="d">2024-06-24</subfield>
    <subfield code="l">0</subfield>
    <subfield code="o">&#xE2A;&#xE04; 37 1.2 2567</subfield>
    <subfield code="p">3961214217</subfield>
    <subfield code="r">2024-06-24</subfield>
    <subfield code="t">&#xE09;.1</subfield>
    <subfield code="w">2024-06-24</subfield>
    <subfield code="y">GOV</subfield>
  </datafield>
  <datafield tag="952" ind1=" " ind2=" ">
    <subfield code="0">0</subfield>
    <subfield code="1">0</subfield>
    <subfield code="2">local</subfield>
    <subfield code="4">0</subfield>
    <subfield code="7">0</subfield>
    <subfield code="8">CGOV</subfield>
    <subfield code="a">NALT</subfield>
    <subfield code="b">NALT</subfield>
    <subfield code="c">GOV</subfield>
    <subfield code="d">2024-06-24</subfield>
    <subfield code="l">0</subfield>
    <subfield code="o">&#xE2A;&#xE04; 37 1.2 2567</subfield>
    <subfield code="p">3961214218</subfield>
    <subfield code="r">2024-06-24</subfield>
    <subfield code="t">&#xE09;.2</subfield>
    <subfield code="w">2024-06-24</subfield>
    <subfield code="y">GOV</subfield>
  </datafield>
  <datafield tag="996" ind1=" " ind2=" ">
    <subfield code="a">chunbijaya.r</subfield>
    <subfield code="b">CATSTF	</subfield>
    <subfield code="c">2024-06-24</subfield>
  </datafield>
  <datafield tag="996" ind1=" " ind2=" ">
    <subfield code="a">jamriang.p</subfield>
    <subfield code="b">CATSTF	</subfield>
    <subfield code="c">2024-09-13</subfield>
  </datafield>
  <datafield tag="999" ind1=" " ind2=" ">
    <subfield code="c">105422</subfield>
    <subfield code="d">105422</subfield>
  </datafield>
  <datafield tag="998" ind1=" " ind2=" ">
    <subfield code="j">1020</subfield>
    <subfield code="k"> &#xE19;&#xE32;&#xE07;&#xE08;&#xE33;&#xE40;&#xE23;&#xE35;&#xE22;&#xE07;  &#xE23;&#xE30;&#xE27;&#xE31;&#xE07;&#xE2A;&#xE33;&#xE42;&#xE23;&#xE07;</subfield>
  </datafield>
</record>
